000 00720nam a2200289Ia 4500
005 20260324113744.0
008 008 260324s9999 xx 000 0 eng d
020 _a9781003226499
037 _aEBOOK
040 _aCRL
040 _beng
040 _cCRL
041 _2eng
041 _aeng
084 _qCRL
100 _aOzcan Konur
_9998742
245 0 _aBioethanol Fuel Production Processes. II
245 0 _bBiomass Hydrolysis, Fermentation, and Bioethanol Fuel Separation
260 _bTaylor and Francis
260 _c2023
365 _a
365 _b340
856 _uhttp://www.taylorfrancis.com/books/9781003226499
942 _cEBOOK
999 _c1737864
_d1737864